Noms de capitales mondiales les plus longs (avec une carte) - Statistiques

Statistiques générales
  • Ce quiz a été pris 392 fois
  • Le résultat moyen est 184 sur 196
Réponses sur la Carte
Les réponses sont colorées sur une échelle allant du rouge au vert en fonction du pourcentage des utilisateurs qui les ont devinées à leur premier essai. Vous pouvez retrouver ces pourcentages ci-dessous.
 
Statistiques - réponses
capital % Correct
x
100%
Buenos Aires
51%
Antananarivo
50%
Yamoussoukro
38%
Andorre-la-Vieille
37%
Tegucigalpa
37%
Kuala Lumpur
36%
Port-au-Prince
34%
Saint-Domingue
33%
Ouagadougou
32%
Port Moresby
32%
Brazzaville
31%
San Salvador
29%
Bandar Seri Begawan
25%
Port-d'Espagne
24%
Sri Jayawardenapura Kotte
23%
Saint George's
19%
Bloemfontein
15%
Aucun quiz correspondant
Distribution des résultats
% des personnes avec chaque résultat
Percentile par nombre de réponses
Votre historique - résultats
Vous n’avez pas pris ce quiz